Introduction to the geometry of complex numbers /
Guardado en:
| Autor Principal: | |
|---|---|
| Formato: | Libro |
| Idioma: | English French |
| Publicado: |
New York :
F. Ungar,
[1956]
|
| Etiquetas: |
Agregar Etiqueta
Sin Etiquetas, Sea el primero en etiquetar este registro!
|
| LEADER | 00736nam a22002051a 4500 | ||
|---|---|---|---|
| 001 | MAT.inmabb002533 | ||
| 008 | 861030s1956####nyua#####b####000#0#eng## | ||
| 005 | 20130403154451.0 | ||
| 245 | 1 | 0 | |a Introduction to the geometry of complex numbers / |c by Roland Deaux ; translated from the rev. French ed. by Howard Eves. |
| 260 | |a New York : |b F. Ungar, |c [1956] | ||
| 300 | |a 208 p. : |b il. ; |c 25 cm. | ||
| 504 | |a Incluye referencias bibliográficas. | ||
| 510 | 4 | |a MR, |c 19,236f | |
| 100 | 1 | |a Deaux, Roland, |d 1893- | |
| 240 | 1 | 0 | |a Introduction à la géométrie des nombres complexes. |l English |
| 084 | |a 30-01 (51-01) |2 msc2000 | ||
| 010 | |a 56013198 | ||
| 040 | |a DLC/ICU |c ICU |d DLC | ||
| 041 | 1 | |a eng |h fre | |
| 859 | |h 30 |i D285 |p A-8194 |b BIB. MATEMATICA | ||
